000 00794nam a22001697a 4500
008 110824t xxu||||| |||| 00| 0 ara d
020 _a9773274519
082 _222
_bع ب د
_a212
100 1 _926896
_aعبد الرحمن، محمد إبراهيم
245 _aدراسات وبحوث إسلامية /
_cمحمد إبراهيم عبد الرحمن .
260 _aالإسكندرية :
_bدار الوفاء لدنيا الطباعة والنشر ،
_c2004.
300 _a373 ص :
_c24 سم.
504 _aيحتوي علي ارجاعات ببليوجرافية
650 _914970
_aالآداب الإسلامية
942 _2ddc
_cBB
999 _c15911
_d15911